|
|
|
|
| LEADER |
01000cam a2200265 c 4500 |
| 001 |
1876258705 |
| 003 |
DE-627 |
| 005 |
20260415111231.0 |
| 007 |
cr uuu---uuuuu |
| 008 |
231215s2023 sz |||||o 00| ||ger c |
| 020 |
|
|
|a 9783796548444
|q PDF
|9 978-3-7965-4844-4
|
| 024 |
7 |
|
|a 10.24894/978-3-7965-4844-4
|2 doi
|
| 035 |
|
|
|a (DE-627)1876258705
|
| 035 |
|
|
|a (DE-599)KEP099524929
|
| 035 |
|
|
|a (NOMOS)9783796548444
|
| 035 |
|
|
|a (DE-627-1)099524929
|
| 035 |
|
|
|a (INLIBRA)9783796548444
|
| 040 |
|
|
|a DE-627
|b ger
|c DE-627
|e rda
|
| 041 |
|
|
|a ger
|
| 044 |
|
|
|c XA-CH
|
| 050 |
|
0 |
|a D913
|
| 072 |
|
7 |
|a 1551
|2 wsb
|
| 082 |
0 |
|
|a 940.1
|
| 082 |
0 |
|
|a 100
|q OCoLC
|
| 084 |
|
|
|a NM 9000
|q SEPA
|2 rvk
|0 (DE-625)rvk/126468:
|
| 084 |
|
|
|a GF 6730
|q SEPA
|2 rvk
|0 (DE-625)rvk/39856:
|
| 084 |
|
|
|a 18.10
|2 bkl
|
| 084 |
|
|
|a 18.47
|2 bkl
|
| 084 |
|
|
|a 17.97
|2 bkl
|
| 245 |
0 |
0 |
|a Aufbruch in eine neue Epoche
|b Vergangenheit und Zukunft im Bericht des Nürnberger Arztes Hieronymus Münzer über seine Westeuropareise 1494/1495
|c Klaus Herbers
|
| 264 |
|
1 |
|a Basel
|b Schwabe Verlag
|c [2023]
|
| 264 |
|
4 |
|c © 2023
|
| 300 |
|
|
|a 1 Online-Ressource (54 Seiten)
|b Illustrationen
|
| 336 |
|
|
|a Text
|b txt
|2 rdacontent
|
| 337 |
|
|
|a Computermedien
|b c
|2 rdamedia
|
| 338 |
|
|
|a Online-Ressource
|b cr
|2 rdacarrier
|
| 490 |
0 |
|
|a Randgänge der Mediävistik
|v 10
|
| 520 |
|
|
|a Der Reisebericht des Hieronymus Münzer bietet zahlreiche Möglichkeiten, die Perspektiven einer Zeitenwende zu erschließen – vor allem auf der Iberischen Halbinsel.
|
| 520 |
|
|
|a Lange Zeit hat man Reiseberichte vor allem mit Blick auf Alteritätserfahrungen gelesen. Lohnend ist aber auch der Fokus auf implizite Zukunftsvorstellungen, mit dem der Autor den Reisebericht des Hieronymus Münzer über seine Westeuropareise 1494/95 betrachtet: Aus diesem kulturgeschichtlich einzigartigen Itinerarium lassen sich die Perspektiven einer Zeitenwende vielfältig erschließen. So wird die Frage, inwieweit Reiseberichte vorhandene Wissensbestände erweiterten, hier auch mit Blick auf praktisches Handlungswissen gestellt. Der Autor interessiert sich außerdem für die Verknüpfungen: Wissenschaftliche und bildungsbestimmte Anliegen, kaufmännische, diplomatische, religiöse und repräsentative Aspekte zeigen, wie vielfältig die Motivationen des Arztes und Humanisten Münzer schon beim Aufbruch gewesen sein mögen. Zudem wird deutlich, welch vielfältige Netzwerke Münzer während der Reise aufbaute und nutzte, um neue Perspektiven zu entwickeln
|
| 600 |
1 |
0 |
|a Münzer, Hieronymus
|d -1508
|t Itinerarium
|
| 600 |
1 |
0 |
|a Münzer, Hieronymus
|d -1508
|x Travel
|z Europe, Western
|
| 650 |
|
4 |
|a Humanismus
|
| 650 |
|
4 |
|a Mittelalter
|
| 650 |
|
4 |
|a Kultur
|
| 650 |
|
4 |
|a Reise
|
| 650 |
|
4 |
|a Städte
|
| 650 |
|
4 |
|a Reisebericht
|
| 650 |
|
4 |
|a Seefahrt
|
| 650 |
|
4 |
|a IberischeHalbinsel
|
| 651 |
|
0 |
|a Europe, Western
|x Description and travel
|
| 651 |
|
0 |
|a Europe, Western
|x History
|y 15th century
|
| 689 |
0 |
0 |
|D p
|0 (DE-588)118585568
|0 (DE-627)079379443
|0 (DE-576)209041536
|a Münzer, Hieronymus
|d 1437-1508
|2 gnd
|
| 689 |
0 |
1 |
|D s
|0 (DE-588)4076645-7
|0 (DE-627)104189037
|0 (DE-576)209202459
|a Reisebericht
|2 gnd
|
| 689 |
0 |
2 |
|D s
|0 (DE-588)4187703-2
|0 (DE-627)10527013X
|0 (DE-576)210047577
|a Vergangenheit
|g Motiv
|2 gnd
|
| 689 |
0 |
3 |
|D s
|0 (DE-588)4246619-2
|0 (DE-627)104815213
|0 (DE-576)210481013
|a Zukunft
|g Motiv
|2 gnd
|
| 689 |
0 |
4 |
|A z
|2 gnd
|a Geschichte 1494-1495
|
| 689 |
0 |
|
|5 (DE-627)
|
| 700 |
1 |
|
|a Herbers, Klaus
|d 1951-
|e verfasserin
|0 (DE-588)120983524
|0 (DE-627)081010265
|0 (DE-576)161389244
|4 aut
|
| 776 |
1 |
|
|z 9783796548437
|
| 776 |
0 |
8 |
|i Erscheint auch als
|n Druck-Ausgabe
|a Herbers, Klaus, 1951 -
|t Randgänge der Mediävistik ; Band 10: Aufbruch in eine neue Epoche
|d Basel, Schweiz : Schwabe Verlag, 2023
|h 54 Seiten
|w (DE-627)1841635057
|z 9783796548437
|z 3796548431
|
| 776 |
0 |
8 |
|i Erscheint auch als
|n Online-Ausgabe
|z 9783796548444
|
| 856 |
4 |
0 |
|u https://www.nomos-elibrary.de/10.24894/978-3-7965-4844-4
|m X:NOMOS
|x Verlag
|z lizenzpflichtig
|7 1
|
| 856 |
4 |
0 |
|u https://www.inlibra.com/10.24894/978-3-7965-4844-4
|m X:INLIBRA
|x Verlag
|z lizenzpflichtig
|7 1
|
| 912 |
|
|
|a ZDB-18-NOGP
|b 2023
|
| 912 |
|
|
|a ZDB-18-NOL
|b 2023
|
| 912 |
|
|
|a ZDB-18-NSW
|b 2023
|
| 912 |
|
|
|a ZDB-18-NOG
|b 2023
|
| 912 |
|
|
|a ZDB-18-NOLP
|b 2023
|
| 912 |
|
|
|a GBV-18-NOL
|
| 912 |
|
|
|a KALB-18-Nomos-PuC
|
| 912 |
|
|
|a ZDB-18-NSWP
|b 2023
|
| 912 |
|
|
|a ZDB-342-142
|
| 912 |
|
|
|a GBV_ILN_11
|
| 912 |
|
|
|a ISIL_DE-1a
|
| 912 |
|
|
|a SYSFLAG_1
|
| 912 |
|
|
|a GBV_KXP
|
| 912 |
|
|
|a GBV_ILN_21
|
| 912 |
|
|
|a ISIL_DE-46
|
| 912 |
|
|
|a GBV_ILN_22
|
| 912 |
|
|
|a ISIL_DE-18
|
| 912 |
|
|
|a GBV_ILN_22_i26103
|
| 912 |
|
|
|a GBV_ILN_24
|
| 912 |
|
|
|a ISIL_DE-8
|
| 912 |
|
|
|a GBV_ILN_60
|
| 912 |
|
|
|a ISIL_DE-705
|
| 912 |
|
|
|a GBV_ILN_69
|
| 912 |
|
|
|a ISIL_DE-9
|
| 912 |
|
|
|a GBV_ILN_72
|
| 912 |
|
|
|a ISIL_DE-35
|
| 912 |
|
|
|a GBV_ILN_120
|
| 912 |
|
|
|a ISIL_DE-715
|
| 912 |
|
|
|a GBV_ILN_132
|
| 912 |
|
|
|a ISIL_DE-959
|
| 912 |
|
|
|a GBV_ILN_350
|
| 912 |
|
|
|a ISIL_DE-2795
|
| 912 |
|
|
|a GBV_ILN_350_
|
| 912 |
|
|
|a GBV_ILN_597
|
| 912 |
|
|
|a ISIL_DE-Y11
|
| 912 |
|
|
|a GBV_ILN_697
|
| 912 |
|
|
|a ISIL_DE-Y8
|
| 912 |
|
|
|a GBV_ILN_2001
|
| 912 |
|
|
|a ISIL_DE-21
|
| 912 |
|
|
|a GBV_ILN_2005
|
| 912 |
|
|
|a ISIL_DE-291
|
| 912 |
|
|
|a GBV_ILN_2018
|
| 912 |
|
|
|a ISIL_DE-31
|
| 912 |
|
|
|a GBV_ILN_2031
|
| 912 |
|
|
|a ISIL_DE-Lg1
|
| 912 |
|
|
|a GBV_ILN_2037
|
| 912 |
|
|
|a ISIL_DE-747
|
| 912 |
|
|
|a GBV_ILN_2153
|
| 912 |
|
|
|a ISIL_DE-Hed2
|
| 936 |
r |
v |
|a NM 9000
|b Frühe Seefahrten, Landreisen und Pilgerfahrten bis zum Ausgang des Mittelalters (einschl. Nautik und Kartographie) u.ä.
|k Geschichte
|k Geschichte des Mittelalters
|k Sondergebiete der mittelalterlichen Geschichte
|k Frühe Seefahrten, Landreisen und Pilgerfahrten bis zum Ausgang des Mittelalters (einschl. Nautik und Kartographie) u.ä.
|0 (DE-627)1271463407
|0 (DE-625)rvk/126468:
|0 (DE-576)201463407
|
| 936 |
r |
v |
|a GF 6730
|b Sekundärliteratur
|k Germanistik. Niederlandistik. Skandinavistik
|k Deutsche Literatur
|k Spätmittelalter
|k Literaturgeschichte und Textsammlungen
|k Sonstige Literatur
|k Sonstige Schriften: Reisebeschreibungen, Fachschriften. Übersetzungen (Texte)
|k Sekundärliteratur
|0 (DE-627)127087165X
|0 (DE-625)rvk/39856:
|0 (DE-576)20087165X
|
| 936 |
b |
k |
|a 18.10
|j Deutsche Literatur
|q SEPA
|0 (DE-627)106405047
|
| 936 |
b |
k |
|a 18.47
|j Neulateinische Literatur
|q SEPA
|0 (DE-627)10641559X
|
| 936 |
b |
k |
|a 17.97
|j Texte eines einzelnen Autors
|q SEPA
|0 (DE-627)181571714
|
| 951 |
|
|
|a BO
|
| 953 |
|
|
|2 045F
|a 940.1
|u https://www.gbv.de/dms/ddc/940.1.pdf
|
| 953 |
|
|
|2 045F
|a 100
|u https://www.gbv.de/dms/ddc/100.pdf
|
| 980 |
|
|
|2 11
|1 01
|x 0001
|b 4441395582
|c 00
|f 5:REMOTE
|d --%%--
|e s
|j --%%--
|y k
|z 19-12-23
|
| 980 |
|
|
|2 21
|1 01
|x 0046
|b 4441408846
|c 00
|f --%%--
|d --%%--
|e s
|j --%%--
|h ebook_nomos
|k Freie Nutzung im Campusnetz der Universität und der Hochschulen im Lande Bremen
|y zza
|z 19-12-23
|
| 980 |
|
|
|2 22
|1 01
|x 0018
|b 4450631803
|h h261ebooknomos
|k Vervielfältigungen (z.B. Kopien, Downloads) sind nur von einzelnen Kapiteln oder Seiten und nur zum eigenen wissenschaftlichen Gebrauch erlaubt. Keine Weitergabe an Dritte. Kein systematisches Downloaden durch Robots.
|y zi26103
|z 08-01-24
|
| 980 |
|
|
|2 24
|1 01
|x 0008
|b 444079906X
|h olr-nomg2023
|k Vervielfältigungen (z.B. Kopien, Downloads) sind nur von einzelnen Kapiteln oder Seiten und nur zum eigenen wissenschaftlichen Gebrauch erlaubt. Die Weitergabe an Dritte sowie systematisches Downloaden sind untersagt
|k Zugriff auf den Volltext nur für Universitätsangehörige innerhalb des Netzes der Universität Kiel (Campuslizenz).
|y z
|z 19-12-23
|
| 980 |
|
|
|2 60
|1 01
|x 0705
|b 4441361505
|h Nomos Gesamtbestand SoWi
|u verv
|u shib
|y z
|z 19-12-23
|
| 980 |
|
|
|2 69
|1 01
|x 0009
|b 4441443188
|c 00
|f --%%--
|d --%%--
|e s
|j --%%--
|h OLR-ZDB-18-NOG
|k Vervielfältigungen (z.B. Kopien, Downloads) sind nur von einzelnen Kapiteln oder Seiten und nur zum eigenen wissenschaftlichen Gebrauch erlaubt. Die Weitergabe an Dritte sowie systematisches Downloaden sind untersagt.
|y z
|z 19-12-23
|
| 980 |
|
|
|2 72
|1 01
|x 0035
|b 4466511608
|h ONL
|k Vervielfältigungen (z.B. Kopien, Downloads) sind nur von einzelnen Kapiteln oder Seiten und nur zum eigenen wissenschaftlichen Gebrauch erlaubt. Die Weitergabe an Dritte sowie systematisches Downloaden sind untersagt.
|y kz
|z 23-01-24
|
| 980 |
|
|
|2 120
|1 01
|x 0715
|b 4460815060
|c 00
|f --%%--
|d --%%--
|e g
|j --%%--
|h alma
|y z
|z 18-01-24
|
| 980 |
|
|
|2 132
|1 01
|x 0959
|b 4462461916
|h EBS Nomos
|k Vervielfältigungen (z.B. Kopien, Downloads) sind nur von einzelnen Kapiteln oder Seiten und nur zum eigenen wissenschaftlichen Gebrauch erlaubt. Keine Weitergabe an Dritte. Kein systematisches Downloaden durch Robots.
|k Zeitlich begrenzte Lizenzierung
|y k
|z 19-01-24
|
| 980 |
|
|
|2 350
|1 01
|x 8293
|b 4499220408
|c 00
|f Online
|d --%%--
|e i
|j --%%--
|k Open Access. Kostenloser Zugriff auf elektronische Ressource
|y z
|z 11-03-24
|
| 980 |
|
|
|2 597
|1 01
|x 4597
|b 4441392664
|c 00
|f Online
|d --%%--
|e i
|j --%%--
|h OLR-NOG
|k Zugriff nur im OII-Netzwerk / OII network'un̈den erisȩbilir
|y z
|z 19-12-23
|
| 980 |
|
|
|2 697
|1 01
|x 4697
|b 4663016073
|c 00
|f --%%--
|d e-Book Nomos
|e --%%--
|j --%%--
|k nur im DHI-Netzwerk zugänglich / only accessible within the GHI-network
|k Vervielfältigungen (z.B. Kopien, Downloads) sind nur von einzelnen Kapiteln oder Seiten und nur zum eigenen wissenschaftlichen Gebrauch erlaubt. Die Weitergabe an Dritte sowie systematisches Downloaden sind untersagt.
|y z
|z 10-02-25
|
| 980 |
|
|
|2 2001
|1 01
|x DE-21
|b 4438197112
|c 00
|f --%%--
|d --%%--
|e --%%--
|j n
|y l01
|z 15-12-23
|
| 980 |
|
|
|2 2005
|1 01
|x DE-291
|b 4540393774
|c 00
|f --%%--
|d --%%--
|e --%%--
|j n
|k Zugriff nur aus dem Universitätsnetz
|y l01
|z 20-06-24
|
| 980 |
|
|
|2 2018
|1 01
|x DE-31
|b 459551266X
|c 00
|f --%%--
|d --%%--
|e n
|j n
|k Für registrierte BenutzerInnen ist der Zugriff auch außerhalb der BLB möglich.
|y l01
|z 15-10-24
|
| 980 |
|
|
|2 2031
|1 01
|x DE-Lg1
|b 4438197147
|c 00
|f --%%--
|d E-Book Nomos
|e --%%--
|j kp
|k Elektronischer Volltext - Campuslizenz
|y l01
|z 15-12-23
|
| 980 |
|
|
|2 2037
|1 01
|x DE-747
|b 4438197163
|c 00
|f --%%--
|d eBook Nomos
|e --%%--
|j n
|k Für Nutzer der RWU auch Fernzugriff via Shibboleth
|y l01
|z 15-12-23
|
| 980 |
|
|
|2 2153
|1 01
|x DE-Hed2
|b 4826832184
|c 00
|f --%%--
|d e-Book Inlibra
|e --%%--
|j n
|k Elektronischer Volltext - Campuslizenz
|y l01
|z 12-12-25
|
| 981 |
|
|
|2 11
|1 01
|x 0001
|r http://erf.sbb.spk-berlin.de/han/78330739X/www.nomos-elibrary.de/10.24894/978-3-7965-4844-4
|
| 981 |
|
|
|2 21
|1 01
|x 0046
|r https://www.nomos-elibrary.de/10.24894/978-3-7965-4844-4
|
| 981 |
|
|
|2 22
|1 01
|x 0018
|y Volltextzugang Campus
|r https://www.nomos-elibrary.de/10.24894/978-3-7965-4844-4
|
| 981 |
|
|
|2 22
|1 01
|x 0018
|y Nur für Angehörige der Universität Hamburg: Volltextzugang von außerhalb des Campus
|r http://emedien.sub.uni-hamburg.de/han/nomos-elibrary/www.nomos-elibrary.de/10.24894/978-3-7965-4844-4
|
| 981 |
|
|
|2 24
|1 01
|x 0008
|r https://www.nomos-elibrary.de/10.24894/978-3-7965-4844-4
|
| 981 |
|
|
|2 60
|1 01
|x 0705
|r https://www.nomos-elibrary.de/10.24894/978-3-7965-4844-4
|
| 981 |
|
|
|2 69
|1 01
|x 0009
|r https://www.nomos-elibrary.de/10.24894/978-3-7965-4844-4
|
| 981 |
|
|
|2 72
|1 01
|x 0035
|r https://doi.org/10.24894/978-3-7965-4844-4
|
| 981 |
|
|
|2 72
|1 01
|x 0035
|r http://hanproxy.gwlb.de/han/nomos/doi.org/10.24894/978-3-7965-4844-4
|
| 981 |
|
|
|2 120
|1 01
|x 0715
|r http://49gbv-uob-primo.hosted.exlibrisgroup.com/openurl/49GBV_UOB/UOB_services_page?u.ignore_date_coverage=true&rft.mms_id=991016363514203501
|
| 981 |
|
|
|2 132
|1 01
|x 0959
|y Zugriff nur für Angehörige der Hochschule Osnabrück im Hochschulnetz
|r https://www.nomos-elibrary.de/10.24894/978-3-7965-4844-4
|
| 981 |
|
|
|2 597
|1 01
|x 4597
|r https://www.nomos-elibrary.de/10.24894/978-3-7965-4844-4
|
| 981 |
|
|
|2 697
|1 01
|x 4697
|y online access
|r https://doi.org/10.24894/978-3-7965-4844-4
|
| 981 |
|
|
|2 2001
|1 01
|x DE-21
|r https://www.nomos-elibrary.de/10.24894/978-3-7965-4844-4
|
| 981 |
|
|
|2 2005
|1 01
|x DE-291
|r https://www.nomos-elibrary.de/10.24894/978-3-7965-4844-4
|
| 981 |
|
|
|2 2018
|1 01
|x DE-31
|r https://www.redi-bw.de/start/blbka/Nomos-eLibrary/978-3-7965-4844-4
|
| 981 |
|
|
|2 2031
|1 01
|x DE-Lg1
|r https://www.nomos-elibrary.de/10.24894/978-3-7965-4844-4
|
| 981 |
|
|
|2 2037
|1 01
|x DE-747
|r https://www.nomos-elibrary.de/10.24894/978-3-7965-4844-4
|
| 981 |
|
|
|2 2153
|1 01
|x DE-Hed2
|r https://www.nomos-elibrary.de/10.24894/978-3-7965-4844-4
|
| 982 |
|
|
|2 132
|1 01
|x 0959
|8 00
|a EBooks Nomos
|
| 982 |
|
|
|2 2001
|1 01
|x DE-21
|8 00
|s s
|a eBook-Nomos-EBS-Wissenschaft-und-Lehrbuch
|
| 983 |
|
|
|2 597
|1 01
|x 4597
|8 00
|a EBO
|
| 983 |
|
|
|2 2153
|1 01
|x DE-Hed2
|8 00
|0 (DE-627)1357129785
|a e-Book
|
| 985 |
|
|
|2 11
|1 01
|x 0001
|a 1 E 3714
|
| 995 |
|
|
|2 21
|1 01
|x 0046
|a ebook_nomos
|
| 995 |
|
|
|2 21
|1 01
|x 0046
|a ebm
|
| 995 |
|
|
|2 22
|1 01
|x 0018
|a h261ebooknomos
|
| 995 |
|
|
|2 24
|1 01
|x 0008
|a olr-nomg2023
|
| 995 |
|
|
|2 24
|1 01
|x 0008
|a hb
|
| 995 |
|
|
|2 24
|1 01
|x 0008
|a olr-kaufp
|
| 995 |
|
|
|2 24
|1 01
|x 0008
|a ACQ
|
| 995 |
|
|
|2 60
|1 01
|x 0705
|a Nomos Gesamtbestand SoWi
|
| 995 |
|
|
|2 69
|1 01
|x 0009
|a OLR-ZDB-18-NOG
|
| 995 |
|
|
|2 72
|1 01
|x 0035
|a ONL
|
| 995 |
|
|
|2 72
|1 01
|x 0035
|a OLR-ZDB-18-NSW
|
| 995 |
|
|
|2 120
|1 01
|x 0715
|a alma
|
| 995 |
|
|
|2 132
|1 01
|x 0959
|a EBS Nomos
|
| 995 |
|
|
|2 597
|1 01
|x 4597
|a OLR-NOG
|